PRINCIPLES OF ELECTRONICS DEVICES & CIRCUITS (Record no. 35141)
[ view plain ]
| 000 -LEADER | |
|---|---|
| fixed length control field | 00315nam a2200133Ia 4500 |
| 082 ## - DEWEY DECIMAL CLASSIFICATION NUMBER | |
| Classification number | 621.3815/THE/SED |
| 100 ## - MAIN ENTRY--PERSONAL NAME | |
| Personal name | Theraja/B.L./ SEDHA |
| 245 ## - TITLE STATEMENT | |
| Title | PRINCIPLES OF ELECTRONICS DEVICES & CIRCUITS |
| 260 ## - PUBLICATION, DISTRIBUTION, ETC. | |
| Name of publisher, distributor, etc. | S.Chand & Co. |
| Place of publication, distribution, etc. | New Delhi |
| Date of publication, distribution, etc. | 2008 |
| 366 ## - TRADE AVAILABILITY INFORMATION | |
| Publishers's discount category | 10 |
| 300 ## - PHYSICAL DESCRIPTION | |
| Extent | 592 |
| 546 ## - LANGUAGE NOTE | |
| Language note | ENGLISH |
| 942 ## - ADDED ENTRY ELEMENTS (KOHA) | |
| Koha item type | BOOK |
| Withdrawn status | Lost status | Damaged status | Not for loan | Collection | Home library | Current library | Date acquired | Source of acquisition | Cost, normal purchase price | Inventory number | Total Checkouts | Full call number | Barcode | Date last seen | Cost, replacement price | Price effective from | Koha item type | Date last checked out |
|---|---|---|---|---|---|---|---|---|---|---|---|---|---|---|---|---|---|---|
| AFT | Fr. Agnel's C.Rodrigues College of Engineering | Fr. Agnel's C.Rodrigues College of Engineering | 17/03/2023 | DHARMA ENTERPRICE | 225.00 | 0004942/31/04/2009 | 621.3815/THE/SED | AFT8067 | 17/03/2023 | 250.00 | BOOK | |||||||
| AFT | Fr. Agnel's C.Rodrigues College of Engineering | Fr. Agnel's C.Rodrigues College of Engineering | 17/03/2023 | DHARMA ENTERPRICE | 225.00 | 1 | 621.3815/THE/SED | AFT8068 | 24/07/2024 | 250.00 | BOOK | 27/05/2024 | ||||||
| AFT | Fr. Agnel's C.Rodrigues College of Engineering | Fr. Agnel's C.Rodrigues College of Engineering | 17/03/2023 | DHARMA ENTERPRICE | 225.00 | 621.3815/THE/SED | AFT8069 | 17/03/2023 | 250.00 | BOOK | ||||||||
| AFT | Fr. Agnel's C.Rodrigues College of Engineering | Fr. Agnel's C.Rodrigues College of Engineering | 17/03/2023 | DHARMA ENTERPRICE | 225.00 | 621.3815/THE/SED | AFT8070 | 17/03/2023 | 250.00 | BOOK |